Bài tập hóa học 9
में बचाया:
| मुख्य लेखक: | |
|---|---|
| स्वरूप: | पुस्तक |
| भाषा: | Undetermined |
| प्रकाशित: |
Hà Nội
Giáo dục
2005
|
| विषय: | |
| टैग : |
टैग जोड़ें
कोई टैग नहीं, इस रिकॉर्ड को टैग करने वाले पहले व्यक्ति बनें!
|
| Thư viện lưu trữ: | Trung tâm Học liệu Trường Đại học Cần Thơ |
|---|
| LEADER | 00630nam a2200205Ia 4500 | ||
|---|---|---|---|
| 001 | CTU_106620 | ||
| 008 | 210402s9999 xx 000 0 und d | ||
| 020 | |c 5700 | ||
| 082 | |a 540.712 | ||
| 082 | |b Tr431/L9 | ||
| 100 | |a Lê, Xuân Trọng | ||
| 245 | 0 | |a Bài tập hóa học 9 | |
| 245 | 0 | |c Lê Xuân Trọng | |
| 260 | |a Hà Nội | ||
| 260 | |b Giáo dục | ||
| 260 | |c 2005 | ||
| 650 | |a Chemistry | ||
| 650 | |x Problems, exercises | ||
| 904 | |i Tuyến, Q. Hiếu (sửa) Tuyến sửa số pl 540.0712 thanh 540.712, chua in nhãn) | ||
| 980 | |a Trung tâm Học liệu Trường Đại học Cần Thơ | ||